000 00482nam a2200145 a 4500
008 120416s1974 ||||||||||||||||| || u
020 _a0002331101
050 _aPR 6055. G55 E47
100 _aElena, Hebe
245 1 4 _aThe cherished ones
260 _aLondon
_bCollins
_c1974
300 _a199 pages
350 _a0.00
995 _D0.00
_FCBU-MAIN LIBRARY (Kitwe)
_H1
_I1.50
_M1
_UAVAILABLE
_ZAnnex Low-Usage Collection
999 _c37242
_d37242